Dẫn luận nghiên cứu văn học Tập 2

Đã lưu trong:
Bibliografiske detaljer
Hovedforfatter: Pospelov, G.N. (chủ biên)
Andre forfattere: Trần Đình Sử (dịch), Lại Nguyên Ân (dịch), Lê Ngọc Tr (dịch)
Format: Bog
Sprog:Vietnamese
Udgivet: TP.HCM Giáo dục 1985
Fag:
Tags: Tilføj Tag
Ingen Tags, Vær først til at tagge denne postø!
Thư viện lưu trữ: Mạng thư viện Đại học Đà Nẵng
LEADER 01006nam a2200337 4500
001 000004347
003 486
005 20121211001219.0
008 110719s1985 viesd
020 |c 8500 
041 1 |a vie 
082 |a 895.922  |b POS 
100 1 |a Pospelov, G.N.  |e chủ biên 
245 1 0 |a Dẫn luận nghiên cứu văn học  |c G. N. Pospelov ; người dịch : Trần Đình Sử, Lại Nguyên Ân, Lê Ngọc Trà  |n Tập 2 
260 |a TP.HCM  |b Giáo dục  |c 1985 
300 |a 224 tr.  |c 20.5 cm. 
653 |a Văn học Nga 
653 |a Nghiên cứu văn học 
700 1 |a Trần Đình Sử  |e dịch 
700 1 |a Lại Nguyên Ân  |e dịch 
700 1 |a Lê Ngọc Trà  |e dịch 
773 |t Nhà văn Việt Nam  |w 482 
910 |a Thi  |d 19/7/2011 
OWN |a LSP 
999 |a From the UDN01 
TYP |a Monograph 
TYP |a Printed language 
980 |a Mạng thư viện Đại học Đà Nẵng